Is Poland ready for inflation targeting?

Na minha lista:
Detalhes bibliográficos
Autor principal: Christoffersen, Peter F.
Outros Autores: Wescott, Robert F.
Formato: Livro
Idioma:inglês
Publicado em: Washington International Monetary Fund 1999
Colecção:IMF Working Paper 41
Assuntos:
Tags: Adicionar Tag
Sem tags, seja o primeiro a adicionar uma tag!

MARC

LEADER 00000nam a2200000 4500
001 c110413
005 20221221082753.5
041 0 |a eng 
044 |a US 
245 1 0 |a Is Poland ready for inflation targeting?  |c Peter F. Christoffersen and Robert F. Wescott 
264 1 |a Washington  |b International Monetary Fund  |c 1999 
300 |a 31 s. 
490 1 |a IMF Working Paper  |v 41 
830 0 |a IMF Working Paper  |v 41 
610 2 0 |a inflácia 
610 2 0 |a politika menová 
610 2 0 |a ukazovatele absolútne 
610 2 0 |a štatistika 
610 2 0 |a Poľsko 
100 1 |a Christoffersen, Peter F. 
700 1 |a Wescott, Robert F.